000 00501nam a22002057a 4500
003 koha_MIRAKIL
005 20231213100233.0
008 231213b |||||||| |||| 00| 0 ||| d
020 _b978-9-75405664-8
040 _aTR-IsEVY
_btur
_cTR-IsEVY
082 _a813.42 ONG/A
100 _aOngun, İpek.
245 0 _aAfacanlar çetesi
250 _a7. bs.
260 _bAltın Kitaplar,
_c2003
300 _a206 s.
650 _aTürk romanı.
650 _aTurkish fiction.
942 _2ddc
_cBK
999 _c16749
_d16749